| 000 | 01004nam a2200241 a 4500 | ||
|---|---|---|---|
| 001 | 54034 | ||
| 003 | BD-RjUL | ||
| 005 | 20211209080049.0 | ||
| 008 | 161031s1993 bg ||||| |||| 00| 0 ben d | ||
| 020 |
_a9840728997 _c: Tk.60.00 |
||
| 035 | _a(BD-RjUL)54156 | ||
| 040 |
_aBD-RjUL _bben _cBD-RjUL _dBD-RjUL |
||
| 041 | _aben | ||
| 082 |
_223 _a954 _bJAB 1993 |
||
| 100 |
_aজলিল, মুহম্মদ আবদুল _9161343 |
||
| 245 | 1 | 0 |
_aবঙ্গে মগ-ফিরিঙ্গি ও বর্গীর অত্যাচার / _cমুহম্মদ আবদুল জলিল, |
| 260 |
_aঢাকা : _bবাংলা একাডেমী, _c১৯৯৩. |
||
| 300 |
_a[১০], ৯৬ পৃ. ; _c২৩ সেমি. |
||
| 504 | _aগ্রন্থপঞ্জি সংযুক্ত | ||
| 651 |
_aIndia _vHistory _xBritish Occupation _9161545 |
||
| 651 |
_aভারত _vইতিহাস _xব্রিটিশ আধিপত্ত্ব _9161546 |
||
| 942 |
_2ddc _cBK |
||
| 999 |
_c54034 _d54034 |
||